| 000 | 00524nam a2200157 a 4500 | ||
|---|---|---|---|
| 008 | 120416s1981 ||||||||||||||||| || u | ||
| 020 | _a0304307637 | ||
| 050 | _aK 83 Ski | ||
| 100 | _aSkinner, Michael | ||
| 245 | 1 | 0 | _aHow to pass examinations in law of contract |
| 260 |
_aLondon _bCassell _c1981 |
||
| 300 | _axiii, 300p. | ||
| 350 | _a0.00 | ||
| 650 | _aCONTRACTS | ||
| 995 |
_D0.00 _FCBU-MAIN LIBRARY (Kitwe) _H1 _I5.95 _M1 _UAVAILABLE _ZAnnex Low-Usage Collection |
||
| 999 |
_c45827 _d45827 |
||